| 000 | 00852nam a2200277 a 4500 | ||
|---|---|---|---|
| 001 | BRCA_3647 | ||
| 005 | 20190320204352.0 | ||
| 008 | 270809s1961----nyua---###---#000-0#eng-# | ||
| 041 | _aeng | ||
| 044 | _anyu | ||
| 050 | 4 |
_aN6841 _b.C35 1961 |
|
| 100 | 1 |
_aCali, Francois _99296 |
|
| 245 | 1 | 0 |
_aThe Wonders of France _cFrancois Cali ; introd. by Rene Huyghe ; tr. by Margaret Shenfield. |
| 260 |
_aNew York _bViking _c1961 |
||
| 300 |
_a316 p. _bil., 191 láminas, mapas. _c32 cm. |
||
| 440 | 0 |
_aA Studio Book _99454 |
|
| 500 | _aIncluye índice de ilustraciones e índice de fotografias | ||
| 500 | _aB317 | ||
| 650 | 1 | 4 |
_aArte francés _99455 |
| 650 | 1 | 4 |
_aArte _xHistoria _99456 |
| 650 | 1 | 4 |
_aFrancia _xDescripción y viajes _99457 |
| 700 | 1 |
_aHuyghe, Rene _99458 |
|
| 700 | 1 |
_aShenfield, Margaret _etr _99459 |
|
| 902 | _aGFM | ||
| 942 |
_2lcc _cB |
||
| 999 |
_c3382 _d3382 |
||